<?xml version="1.0" encoding="UTF-8"?>
<collection xmlns="http://www.loc.gov/MARC21/slim">
 <record>
  <leader>02672nam a2200361   4500</leader>
  <controlfield tag="001">000024629</controlfield>
  <controlfield tag="003">21117</controlfield>
  <controlfield tag="005">20161215141202.0</controlfield>
  <controlfield tag="008">161215s2014                        engsd</controlfield>
  <datafield tag="020" ind1=" " ind2=" ">
   <subfield code="a">9781118607640 (hardback)</subfield>
  </datafield>
  <datafield tag="041" ind1="0" ind2=" ">
   <subfield code="a">eng</subfield>
  </datafield>
  <datafield tag="082" ind1="0" ind2="0">
   <subfield code="a">371.050973</subfield>
   <subfield code="b">WH-R</subfield>
  </datafield>
  <datafield tag="100" ind1="1" ind2=" ">
   <subfield code="a">Whitmire, Richard.</subfield>
   <subfield code="q">(Laura Ann)</subfield>
  </datafield>
  <datafield tag="245" ind1="1" ind2="0">
   <subfield code="a">On the rocketship</subfield>
   <subfield code="b">how top charter schools are pushing the envelope</subfield>
   <subfield code="c">Richard Whitmire</subfield>
  </datafield>
  <datafield tag="250" ind1=" " ind2=" ">
   <subfield code="a">First edition.</subfield>
  </datafield>
  <datafield tag="260" ind1=" " ind2=" ">
   <subfield code="a">San Francisco</subfield>
   <subfield code="b">Jossey-Bass</subfield>
   <subfield code="c">2014.</subfield>
  </datafield>
  <datafield tag="300" ind1=" " ind2=" ">
   <subfield code="a">ix, 334 p.</subfield>
   <subfield code="b">color illustrations</subfield>
   <subfield code="c">24 cm.</subfield>
  </datafield>
  <datafield tag="504" ind1=" " ind2=" ">
   <subfield code="a">Includes bibliographical references and index.</subfield>
  </datafield>
  <datafield tag="520" ind1="3" ind2=" ">
   <subfield code="a">&quot;Veteran journalist Richard Whitmire follows Rocketship through the school year and into the following year, when the nationally acclaimed charter school network launches new schools in Milwaukee. While Rocketship's story provides the narrative spine, the book also covers developments as other high quality charter organizations bid to reshape urban education in America. In 2012, charter school students made up only 5 percent of the total student population, but those numbers were growing fast and have huge impacts in the urban areas. As The New York Times recently pointed out, charter enrollment explains most of the enrollment declines in traditional schools in cities such as Chicago and Los Angeles.In this book, Whitmire will also explore one core innovation at Rocketship: its successful blended learning program. Rocketship's Learning Lab is where students spend two hours a day in computer-driven instruction powered by carefully selected software. This &quot;blended learning&quot; approach--Learning Lab blended with in-class instruction where teachers coordinate closely with the Lab--cuts expenses by 25 percent. Rocketship uses that extra money to fund longer school hours and higher teacher salaries. Today many schools around the country look to Rocketship as a model for using blended learning (many try to use blended learning, but few succeed)&quot;-- |c Provided by publisher.</subfield>
  </datafield>
  <datafield tag="650" ind1=" " ind2="0">
   <subfield code="a">Charter schools</subfield>
   <subfield code="z">United States</subfield>
  </datafield>
  <datafield tag="650" ind1=" " ind2="0">
   <subfield code="a">Charter schools</subfield>
   <subfield code="v">Case studies</subfield>
   <subfield code="z">Wisconsin</subfield>
   <subfield code="z">Milwaukee</subfield>
  </datafield>
  <datafield tag="653" ind1=" " ind2=" ">
   <subfield code="a">Education</subfield>
  </datafield>
  <datafield tag="700" ind1="1" ind2=" ">
   <subfield code="d">1978-</subfield>
   <subfield code="d">1906-1998.</subfield>
   <subfield code="d">1952-</subfield>
   <subfield code="d">1974-</subfield>
  </datafield>
  <datafield tag="OWN" ind1=" " ind2=" ">
   <subfield code="a">LSP</subfield>
  </datafield>
  <datafield tag="AVA" ind1=" " ind2=" ">
   <subfield code="a">UDN50</subfield>
   <subfield code="b">LSP</subfield>
   <subfield code="d">371.050973 WH-R</subfield>
   <subfield code="e">available</subfield>
   <subfield code="t">Error 5001 Not defined in file expand_doc_bib_avail.</subfield>
   <subfield code="f">1</subfield>
   <subfield code="g">0</subfield>
   <subfield code="h">N</subfield>
   <subfield code="i">0</subfield>
   <subfield code="k">1</subfield>
  </datafield>
  <datafield tag="999" ind1=" " ind2=" ">
   <subfield code="a">From the UDN01</subfield>
  </datafield>
  <datafield tag="AVA" ind1=" " ind2=" ">
   <subfield code="a">UDN50</subfield>
   <subfield code="b">LSP</subfield>
   <subfield code="d">371.050973 WH-R</subfield>
   <subfield code="e">available</subfield>
   <subfield code="t">Error 5001 Not defined in file expand_doc_bib_avail.</subfield>
   <subfield code="f">1</subfield>
   <subfield code="g">0</subfield>
   <subfield code="h">N</subfield>
   <subfield code="i">0</subfield>
   <subfield code="k">1</subfield>
  </datafield>
  <datafield tag="TYP" ind1=" " ind2=" ">
   <subfield code="a">Monograph</subfield>
  </datafield>
  <datafield tag="TYP" ind1=" " ind2=" ">
   <subfield code="a">Printed language</subfield>
  </datafield>
  <datafield tag="980" ind1=" " ind2=" ">
   <subfield code="a">Mạng thư viện Đại học Đà Nẵng</subfield>
  </datafield>
 </record>
</collection>
